000 00640nam a2200241 i 4500
001 C2-0243267
003 PPAK
005 20180727205002.0
008 021018s2000 enka|||| ||||| | eng d
020 _a1858542162
040 _aPPAK
_beng
_cPPAK
_erda
082 0 4 _a513
_223
090 0 0 _a513
_bMYF
_dRK
245 0 0 _aMy first book of numbers
264 1 _aLondon :
_bBrimax ,
_c2000
300 _a16 pages :
_bcolour illustrations ;
_c23 cm
336 _2rdacontent
_atext
337 _2rdamedia
_aunmediated
338 _2rdacarrier
_avolume
500 _aBrimax 3-5 years
650 1 0 _aNumber concept ; Counting
942 _ddc
_cB
999 _c57837
_d57837